Guess the Taylor Swift Song (no hints) 30 - Statistics

General Stats
  • This quiz has been taken 208 times
  • The average score is 245 of 318
Answer Stats
Answer % Correct
I
100%
a
99%
You
99%
you
99%
the
98%
The
98%
it
97%
it,
97%
And
96%
and
96%
In
95%
in
95%
your
93%
when
92%
you're
92%
it's
90%
It's
90%
me
90%
so
90%
So
90%
don't
89%
I'm
89%
know
89%
my
89%
My
89%
to
89%
of
88%
on
88%
we
87%
this
84%
how
83%
if
82%
just
82%
why
82%
But
81%
but
81%
I'd
81%
We're
79%
there
78%
with
77%
Oh,
75%
oh
75%
oh,
75%
not
74%
hand
71%
head
70%
than
70%
up
70%
want
70%
get
69%
now
69%
Fearless
68%
fearless
68%
one
68%
out
68%
take
68%
first
67%
best
66%
better
65%
car
65%
dress
65%
off
65%
way
65%
Yeah
65%
yeah
65%
down
64%
dance
63%
looks
63%
middle
62%
There's
62%
kiss,
61%
right
61%
somethin'
61%
ask
60%
bout
60%
gets
59%
hands
59%
walk
59%
wanna
59%
baby
58%
here
58%
really
58%
drag
57%
street
57%
Run
56%
run
56%
storm
56%
more
55%
hair
54%
lot
54%
something,
54%
through
54%
makin'
53%
parking
53%
pull
53%
rained
53%
tryin'
53%
wonder
53%
caught
52%
hard
52%
cool
51%
road
51%
drive
50%
flawless,
50%
moment
50%
remember
50%
stay
50%
drivin'
49%
little
49%
'Til
49%
eyes
48%
pavement
47%
town
47%
capture
46%
Absent
45%
Well
45%
glow
44%
shake
44%
usually
44%
mindedly
43%
put
43%
slow
42%
horse
40%
seat
40%
passenger
39%
stood
37%
doorway
34%
brave
33%
No matching quizzes found
Score Distribution
Percent of People with Each Score
Percentile by Number Answered
Your Score History
You have not taken this quiz